000 00321nam a2200109Ia 4500
008 221009s9999 xx 000 0 und d
082 _a910/THA
100 _aChattopadhyaya, D.P.
_91597
245 0 _aOrigin & Development Of The Vaisesika System Vol-2 Part 4
260 _bCentre For Studies In Civilizations,
942 _cBK
999 _c64850
_d64850